Derrotero general de la costa de Brasil y memorial de las grandezas de Bahía: manuscrito del siglo XVI
Bewaard in:
| Hoofdauteur: | |
|---|---|
| Formaat: | Boek |
| Taal: | Spaans |
| Gepubliceerd in: |
Madrid
Cultura Hispánica
1958
|
| Onderwerpen: | |
| Tags: |
Voeg label toe
Geen labels, Wees de eerste die dit record labelt!
|
MARC
| LEADER | 00000nam a2200000 a 4500 | ||
|---|---|---|---|
| 001 | UCW8401 | ||
| 003 | CL-VaPUC | ||
| 008 | 880824e19580000SP |||||||||||||||||spa|d | ||
| 082 | 0 | 4 | |a 981.031 |b SOU |2 21 |
| 100 | 0 | |a Souza, Gabriel Soares de |e author |9 313558 | |
| 245 | 1 | 0 | |a Derrotero general de la costa de Brasil y memorial de las grandezas de Bahía: manuscrito del siglo XVI |
| 300 | |a 305 p | ||
| 942 | |c BK | ||
| 945 | |d 19880824 00:00:00 | ||
| 260 | |a Madrid |b Cultura Hispánica |c 1958 | ||
| 650 | 0 | |a Historia |9 255047 | |
| 651 | 0 | |a Bahía, Brasil |9 313559 | |
| 583 | |a last modification |c 19880824 00:00:00 |k Rodrigo Vera | ||
| 999 | |c 220781 |d 220779 | ||
| 952 | |0 0 |1 0 |4 0 |6 981_031000000000000_SOU_1958 |7 0 |8 A |9 213417 |a BIBHIS |b BIBHIS |d 2019-11-15 |i 2817853 |o 981.031 SOU 1958 |p 2817853 |r 2025-01-20 |w 2019-11-15 |y BK |k HIS | ||